Pharmacology and the nursing process (Record no. 83526)
[ view plain ]
| 000 -LEADER | |
|---|---|
| fixed length control field | 00894 a2200277 4500 |
| 003 - CONTROL NUMBER IDENTIFIER | |
| control field | CBULib |
| 005 - DATE AND TIME OF LATEST TRANSACTION | |
| control field | 20231211093712.0 |
| 008 - FIXED-LENGTH DATA ELEMENTS--GENERAL INFORMATION | |
| fixed length control field | 231123b |||||||| |||| 00| 0 eng d |
| 020 ## - INTERNATIONAL STANDARD BOOK NUMBER | |
| International Standard Book Number | 9780323529495 |
| 040 ## - CATALOGING SOURCE | |
| Language of cataloging | English |
| Transcribing agency | CBULib |
| Description conventions | rda |
| 041 ## - LANGUAGE CODE | |
| Language code of text/sound track or separate title | eng |
| 050 ## - LIBRARY OF CONGRESS CALL NUMBER | |
| Classification number | RM 301 Lil |
| 100 ## - MAIN ENTRY--PERSONAL NAME | |
| Personal name | Lilley, Linda Lane |
| 245 ## - TITLE STATEMENT | |
| Title | Pharmacology and the nursing process |
| Statement of responsibility, etc | / by Linda Lane Lilley ; Shelly Rainforth Collins and Julie S. Snyder |
| 250 ## - EDITION STATEMENT | |
| Edition statement | Ninth edition. |
| 260 ## - PUBLICATION, DISTRIBUTION, ETC. (IMPRINT) | |
| Name of publisher, distributor, etc | Elsevier, |
| Date of publication, distribution, etc | 2020. |
| Place of publication, distribution, etc | St. Louis : |
| 300 ## - PHYSICAL DESCRIPTION | |
| Extent | xviii, 932 pages : illustrations |
| 336 ## - CONTENT TYPE | |
| Source | rdacontent |
| Content type term | Text | |
| Content type code | txt |
| 337 ## - MEDIA TYPE | |
| Source | rdamedia |
| Media type term | Unmediated | |
| Media type code | n |
| 338 ## - CARRIER TYPE | |
| Source | rdacarrier |
| Carrier type term | Volume |
| Carrier type code | nc |
| 650 #0 - SUBJECT ADDED ENTRY--TOPICAL TERM | |
| Source of heading or term | Library of Congress |
| 9 (RLIN) | 1124 |
| Topical term or geographic name as entry element | PHARMACOLOGY |
| 650 #0 - SUBJECT ADDED ENTRY--TOPICAL TERM | |
| Source of heading or term | Library of Congress |
| 9 (RLIN) | 1125 |
| Topical term or geographic name as entry element | NURSING |
| 700 ## - ADDED ENTRY--PERSONAL NAME | |
| 9 (RLIN) | 1126 |
| Personal name | Collins, Shelly Rainforth |
| 700 ## - ADDED ENTRY--PERSONAL NAME | |
| 9 (RLIN) | 1127 |
| Personal name | Snyder, Julie S |
| 942 ## - ADDED ENTRY ELEMENTS (KOHA) | |
| Source of classification or shelving scheme | |
| Koha item type | MONOGRAPH |
| Withdrawn status | Lost status | Source of classification or shelving scheme | Damaged status | Not for loan | Collection code | Permanent Location | Current Location | Shelving location | Date acquired | Source of acquisition | Cost, normal purchase price | Total Checkouts | Full call number | Barcode | Date last seen | Copy number | Price effective from | Koha item type |
|---|---|---|---|---|---|---|---|---|---|---|---|---|---|---|---|---|---|---|
| Michael Chilufya Sata Collection | CBU-MICHAEL CHILUFYA SATA LIBRARY | CBU-MAIN LIBRARY, KITWE. | General Stacks | 11/23/2023 | DON-BOOKAID | 69.99 | RM 301 Lil | 905438 | 11/23/2023 | 1 | 11/23/2023 | MONOGRAPH | ||||||
| Michael Chilufya Sata Collection | CBU-MICHAEL CHILUFYA SATA LIBRARY | CBU-MAIN LIBRARY, KITWE. | General Stacks | 11/23/2023 | DON-BOOKAID | 69.99 | RM 301 Lil | 905439 | 11/23/2023 | 2 | 11/23/2023 | MONOGRAPH | ||||||
| Medical Library Collection | CBU-SCHOOL OF MEDICINE LIBRARY, NDOLA. | CBU-MAIN LIBRARY, KITWE. | General Stacks | 11/23/2023 | DON-BOOKAID | 69.99 | RM 301 Lil | 905440 | 11/23/2023 | 3 | 11/23/2023 | MONOGRAPH | ||||||
| Medical Library Collection | CBU-SCHOOL OF MEDICINE LIBRARY, NDOLA. | CBU-MAIN LIBRARY, KITWE. | General Stacks | 11/23/2023 | DON-BOOKAID | 69.99 | RM 301 Lil | 905441 | 11/23/2023 | 4 | 11/23/2023 | MONOGRAPH |